Economy: (Record no. 615558)

000 -LEADER
fixed length control field 00664nam a22001577a 4500
003 - CONTROL NUMBER IDENTIFIER
control field NUST
020 ## - INTERNATIONAL STANDARD BOOK NUMBER
International Standard Book Number 9789693537130
082 ## - DEWEY DECIMAL CLASSIFICATION NUMBER
Classification number 339,SAL
100 ## - MAIN ENTRY--PERSONAL NAME
Personal name Salman, Aneel
9 (RLIN) 132347
245 ## - TITLE STATEMENT
Title Economy:
Remainder of title Backbone of National Security-Challenges and Way Forward /
Statement of responsibility, etc. Edited by Aneel Salman, Steve Breyman & Rex Moser
260 ## - PUBLICATION, DISTRIBUTION, ETC.
Place of publication, distribution, etc. Sang-e-Meel
Name of publisher, distributor, etc. Lahore
Date of publication, distribution, etc. 2025
300 ## - PHYSICAL DESCRIPTION
Extent viii, 336 p
505 ## - FORMATTED CONTENTS NOTE
Formatted contents note Section-I Conceptual and Analytical Foundations of Economic Security (Page-3), Section-II Sectoral Pillars of Economic Security (Page-69), Section-III Economic Security Through Bilateral Engagements (Page-233).
650 ## - SUBJECT ADDED ENTRY--TOPICAL TERM
Topical term or geographic name entry element Economy-Pakistan
9 (RLIN) 132348
942 ## - ADDED ENTRY ELEMENTS (KOHA)
Source of classification or shelving scheme
Koha item type Book
Holdings
Withdrawn status Lost status Source of classification or shelving scheme Damaged status Not for loan Permanent Location Current Location Shelving location Date acquired Full call number Barcode Date last seen Price effective from Koha item type Public note
          Military College of Signals (MCS) Military College of Signals (MCS) Reference 12/17/2025 339,SAL MCS38937 12/17/2025 12/17/2025 Reference Almirah Fresh No.43, Shelf No.2
© 2023 Central Library, National University of Sciences and Technology. All Rights Reserved.